000 00547nam a2200193Ia 4500
005 20250326141852.0
008 250326s9999 xx 000 0 und d
020 _a81-7100-175-0
037 _aTextbook
040 _aFMSL
_beng
_cFMSL
041 _aeng
_2eng
084 _aX:958.44 M9
_qFMSL
100 _aSingh R C P
_9745197
245 0 _aLabour welfare administration in India
_cSingh R C P
260 _aNew Delhi
_bNew Delhi, Deep & Deep
_c1989
300 _a260p
942 _cTB
_hX:958.44 M9
999 _c1292362
_d1292362